<?xml version="1.0" encoding="UTF-8"?>
<record
    xmlns:xsi="http://www.w3.org/2001/XMLSchema-instance"
    xsi:schemaLocation="http://www.loc.gov/MARC21/slim http://www.loc.gov/standards/marcxml/schema/MARC21slim.xsd"
    xmlns="http://www.loc.gov/MARC21/slim">

  <leader>03335nam a2200577Ia 4500</leader>
  <controlfield tag="001">710</controlfield>
  <controlfield tag="008">241029s9999    xx            000 0 und d</controlfield>
  <datafield tag="010" ind1=" " ind2=" ">
    <subfield code="a">638</subfield>
  </datafield>
  <datafield tag="041" ind1=" " ind2=" ">
    <subfield code="a">Espa&#xF1;ol</subfield>
  </datafield>
  <datafield tag="082" ind1=" " ind2=" ">
    <subfield code="a">NO APLICA</subfield>
  </datafield>
  <datafield tag="245" ind1=" " ind2="0">
    <subfield code="a">Nivel de comprensi&#xF3;n lectora de los estudiantes del cuarto nivel que cursan maestr&#xED;as en el Recinto Santiago UASD en el a&#xF1;o 2012</subfield>
  </datafield>
  <datafield tag="260" ind1=" " ind2=" ">
    <subfield code="a">Santiago</subfield>
  </datafield>
  <datafield tag="300" ind1=" " ind2=" ">
    <subfield code="a">108</subfield>
  </datafield>
  <datafield tag="520" ind1=" " ind2=" ">
    <subfield code="a">18</subfield>
  </datafield>
  <datafield tag="630" ind1=" " ind2=" ">
    <subfield code="a">Aprendizaje</subfield>
  </datafield>
  <datafield tag="630" ind1=" " ind2=" ">
    <subfield code="a">Comprensi&#xF3;n Lectora</subfield>
  </datafield>
  <datafield tag="630" ind1=" " ind2=" ">
    <subfield code="a">Educaci&#xF3;n</subfield>
  </datafield>
  <datafield tag="630" ind1=" " ind2=" ">
    <subfield code="a">Educaci&#xF3;n Superior</subfield>
  </datafield>
  <datafield tag="630" ind1=" " ind2=" ">
    <subfield code="a">Estrategia de Aprendizaje</subfield>
  </datafield>
  <datafield tag="650" ind1=" " ind2=" ">
    <subfield code="a">Competencias Educativas</subfield>
  </datafield>
  <datafield tag="690" ind1=" " ind2=" ">
    <subfield code="a">Copiado sin cambios</subfield>
  </datafield>
  <datafield tag="700" ind1=" " ind2=" ">
    <subfield code="e">asesor</subfield>
    <subfield code="a">Galicia Hern&#xE1;ndez, Mar&#xED;a Evelin</subfield>
  </datafield>
  <datafield tag="700" ind1=" " ind2=" ">
    <subfield code="e">autor</subfield>
    <subfield code="a">P&#xE9;rez P&#xE9;rez , Mar&#xED;a Elena</subfield>
  </datafield>
  <datafield tag="700" ind1=" " ind2=" ">
    <subfield code="e">autor</subfield>
    <subfield code="a">Garc&#xED;a Rodr&#xED;guez, Zaida</subfield>
  </datafield>
  <datafield tag="901" ind1=" " ind2=" ">
    <subfield code="a">{"1":"P&#xE9;rez P&#xE9;rez ","2":"Garc&#xED;a Rodr&#xED;guez"}</subfield>
    <subfield code="b">{"1":"Mar&#xED;a Elena","2":"Zaida"}</subfield>
  </datafield>
  <datafield tag="902" ind1=" " ind2=" ">
    <subfield code="a">1</subfield>
  </datafield>
  <datafield tag="903" ind1=" " ind2=" ">
    <subfield code="a">{"1":"Galicia Hern&#xE1;ndez"}</subfield>
    <subfield code="b">{"1":"Mar&#xED;a Evelin"}</subfield>
  </datafield>
  <datafield tag="904" ind1=" " ind2=" ">
    <subfield code="a">Maestr&#xED;a en</subfield>
  </datafield>
  <datafield tag="905" ind1=" " ind2=" ">
    <subfield code="a">Educaci&#xF3;n Superior</subfield>
  </datafield>
  <datafield tag="906" ind1=" " ind2=" ">
    <subfield code="a">2</subfield>
  </datafield>
  <datafield tag="907" ind1=" " ind2=" ">
    <subfield code="a">NO APLICA</subfield>
  </datafield>
  <datafield tag="908" ind1=" " ind2=" ">
    <subfield code="a">NO APLICA</subfield>
  </datafield>
  <datafield tag="909" ind1=" " ind2=" ">
    <subfield code="a">Universidad Aut&#xF3;noma de Santo Domingo (UASD)</subfield>
  </datafield>
  <datafield tag="910" ind1=" " ind2=" ">
    <subfield code="a">NULL</subfield>
    <subfield code="b">NULL</subfield>
  </datafield>
  <datafield tag="911" ind1=" " ind2=" ">
    <subfield code="a">["1"]</subfield>
  </datafield>
  <datafield tag="912" ind1=" " ind2=" ">
    <subfield code="a">NO APLICA</subfield>
  </datafield>
  <datafield tag="913" ind1=" " ind2=" ">
    <subfield code="a">NULL</subfield>
  </datafield>
  <datafield tag="914" ind1=" " ind2=" ">
    <subfield code="a">02 de Abril de 2012</subfield>
  </datafield>
  <datafield tag="915" ind1=" " ind2=" ">
    <subfield code="a">19/09/14 10:09</subfield>
  </datafield>
  <datafield tag="916" ind1=" " ind2=" ">
    <subfield code="a">NULL</subfield>
  </datafield>
  <datafield tag="917" ind1=" " ind2=" ">
    <subfield code="a">NULL</subfield>
  </datafield>
  <datafield tag="918" ind1=" " ind2=" ">
    <subfield code="a">NO APLICA</subfield>
  </datafield>
  <datafield tag="919" ind1=" " ind2=" ">
    <subfield code="a">["18","43","72","83","93"]</subfield>
  </datafield>
  <datafield tag="520" ind1=" " ind2=" ">
    <subfield code="a">Los principales prop&#xF3;sitos de este estudio consistieron en identificar el nivel de comprensi&#xF3;n lectora de los estudiantes del Cuarto Nivel que cursan Maestr&#xED;as en el Recinto Santiago UASD en el a&#xF1;o 2012.Se realiz&#xF3; un estudio descriptivo y transversal. La poblaci&#xF3;n seleccionada fue de 152 estudiantes de maestr&#xED;a y se dise&#xF1;aron tres instrumentos: el primero para medir los aspectos metodol&#xF3;gicos que utilizan los docentes para desarrollar la comprensi&#xF3;n lectora. &#xA0;El segundo para observar las clases y el tercer instrumento consisti&#xF3; en la elaboraci&#xF3;n de tres textos cartas con el prop&#xF3;sito de analizar el nivel de comprensi&#xF3;n lectora de los estudiantes. Los an&#xE1;lisis realizados indican que en cuanto a los factores metodol&#xF3;gicos que utilizan los docentes &#xA0;para desarrollar la comprensi&#xF3;n lectora, se encontr&#xF3; que en los m&#xE9;todos did&#xE1;cticos el 21.05% usa el m&#xE9;todo anal&#xED;tico y participativo, respectivamente; &#xA0;el 26.6% en las estrategias de intervenci&#xF3;n, aplica la problematizaci&#xF3;n y la indagaci&#xF3;n, para cada una. &#xA0;El 30.76% dentro de t&#xE9;cnicas que m&#xE1;s utiliza resalt&#xF3; el debate, y el 30.76% &#xA0;en cuanto al tipo de evaluaci&#xF3;n expres&#xF3; que lo hace a trav&#xE9;s de ex&#xE1;menes y pr&#xE1;cticas, proporcionalmente. &#xA0; En cuanto al an&#xE1;lisis de los textos, los estudiantes quedaron con promedios muy bajos entre 32 y 35%. &#xA0;En conclusi&#xF3;n las estrategias de ense&#xF1;anza que utilizan los docentes no son las m&#xE1;s adecuadas para desarrollar la comprensi&#xF3;n lectora de los estudiantes. &#xA0;En el an&#xE1;lisis de los textos, se evidenci&#xF3; el bajo nivel de comprensi&#xF3;n lectora, al mismo tiempo que se denota que las estrategias que emplean los estudiantes para el an&#xE1;lisis textual est&#xE1; muy divorciada de leer para comprender.</subfield>
  </datafield>
  <datafield tag="921" ind1=" " ind2=" ">
    <subfield code="a">16</subfield>
  </datafield>
  <datafield tag="922" ind1=" " ind2=" ">
    <subfield code="a">16</subfield>
  </datafield>
  <datafield tag="923" ind1=" " ind2=" ">
    <subfield code="a">0</subfield>
  </datafield>
  <datafield tag="924" ind1=" " ind2=" ">
    <subfield code="a">NO APLICA</subfield>
  </datafield>
  <datafield tag="942" ind1=" " ind2=" ">
    <subfield code="c">Tesis</subfield>
  </datafield>
  <datafield tag="999" ind1=" " ind2=" ">
    <subfield code="c">638</subfield>
    <subfield code="d">638</subfield>
  </datafield>
</record>
